Highest GDP Countries A-Z Quiz Stats

 Plays Quiz Updated Jun 7, 2021

Support Sporcle.
Go Orange.
Score 0/24 Timer 04:00
3 Plays Today
Letter Country % Correct
UUnited States of America
96.9%
FFrance
92.8%
CChina
92.7%
GGermany
91.6%
JJapan
89.2%
RRussia
86.9%
AAustralia
85.8%
DDenmark
85.5%
IIndia
85.5%
BBrazil
84.7%
QQatar
83.6%
YYemen
83.3%
Letter Country % Correct
OOman
79.1%
ZZambia
76.7%
VVietnam
71.4%
MMexico
70.2%
HHungary
63.3%
SSouth Korea
61.7%
TTurkey
61%
PPoland
59.8%
EEgypt
58.6%
NNigeria
57.2%
KKazakhstan
53.2%
LLithuania
37.4%

From the Vault

Super-Diverse Countries

by SporcleEXP

These countries are so diverse they don't even have a word for it.
Remove Ads.
Support Sporcle.
Get the best of Sporcle when you Go Orange. This ad-free experience offers more features, more stats, and more fun while also helping to support Sporcle. Thank you for becoming a member.

Show Comments

Extras

Top Quizzes Today


Score Distribution

Your Account Isn't Verified!

In order to create a playlist on Sporcle, you need to verify the email address you used during registration. Go to your Sporcle Settings to finish the process.

Report this User

Report this user for behavior that violates our Community Guidelines.

Details: